logo

Bir Sreshtho Munshi Abdur Rouf Library
Jhenaidah Cadet College

উচ্চ মাধ্যমিক রসায়ন ব্যবহারিক (১ম ও ২য়পত্র) / (Record no. 8318)

MARC details
000 -LEADER
fixed length control field 00648nam a22002057a 4500
001 - CONTROL NUMBER
JCCL Control Number 8318
003 - CONTROL NUMBER IDENTIFIER
JCCL marc code BD-JhCC
005 - DATE AND TIME OF LATEST TRANSACTION
control field 20180222093109.0
008 - FIXED-LENGTH DATA ELEMENTS--GENERAL INFORMATION
fixed length control field 180222b1999 bg ||||| |||| 00| 0 ben d
035 ## - SYSTEM CONTROL NUMBER
system control number (BD-JhCC)8318
040 ## - CATALOGING SOURCE
Original cataloging agency BD-JhCC
Modifying agency BD-JhCC
041 ## - LANGUAGE CODE
Language code of Book ben
082 ## - DEWEY DECIMAL CLASSIFICATION NUMBER
Classification number 540.72
Author mark and Year MIA 1999
100 ## - MAIN ENTRY--PERSONAL NAME
Personal name মিয়া, মোঃ নূরুল হক
245 ## - TITLE STATEMENT
Title উচ্চ মাধ্যমিক রসায়ন ব্যবহারিক (১ম ও ২য়পত্র) /
Statement of responsibility, etc মোঃ নূরুল হক মিয়া
300 ## - PHYSICAL DESCRIPTION
Pagination 171 p. :
Dimensions 22 cm.
650 ## - SUBJECT ADDED ENTRY--TOPICAL TERM
Topical term or geographic name as entry element Chemstry
942 ## - ADDED ENTRY ELEMENTS (KOHA)
Source of classification or shelving scheme Dewey Decimal Classification
Koha item type Books
Holdings
Source of classification or shelving scheme Damaged status Not for loan Home library Current library Shelving location Date of accession Cost, normal purchase price Total Checkouts Full call number Barcode Date last seen Copy number Koha item type
Dewey Decimal Classification     JCC Rouf Library JCC Rouf Library General Stacks 02/22/2018 60.00   540.72 MIA 1999 10864 02/22/2018 C-1 Books
Dewey Decimal Classification     JCC Rouf Library JCC Rouf Library General Stacks 02/22/2018 60.00   540.72 MIA 1999 10863 02/22/2018 C-2 Books

JCC Library | Contacts | JCC Home

Last Update on 23 September 2017
Copyright @ 2017-2020 JCC Rouf Library
Rouf Library, Jhenidah Cadet College (JCC), Bangladesh